000
00263nam a2200097Ia 4500
001
1207786
005
20250827022833.0
008
250824s9999 xx 000 0 und d
245
0
_a
İSLAMCI GENÇLİĞİN EL KİTABI
_c
KADİR MISIROĞLU
260
_b
SEBİL YAYINLARI
999
_c
1207786
_d
1207786